000 00855cam a2200241 i 4500
999 _c331932
_d331932
001 848568
003 NUST
005 20171102163214.0
008 781103s1979 nyua b 001 0 eng
010 _a 78025825
020 _a0070458685 :
_c$28.50
040 _aDLC
_cDLC
_dDLC
050 0 0 _aQD169.W3
_bN34 1979
082 0 0 _a628.162 NAL
_219
110 2 _aNalco Chemical Company.
_95884
245 1 4 _aThe NALCO water handbook /
_cNalco Chemical Company ; Frank N. Kemmer, editor-in-chief ; John McCallion, associate editor.
260 _aNew York :
_bMcGraw-Hill,
_cc1979.
300 _aVarious pages
_bill. ;
_c24 cm.
500 _aH.B
504 _aIncludes bibliographies and index.
650 0 _aWater
_xHandbooks, manuals, etc.
_95885
700 1 _aKemmer, Frank N.
_95886
906 _a7
_bcbc
_corignew
_d1
_eocip
_f19
_gy-gencatlg
942 _2ddc
_cBK
_kIESE